[Event "Lasker Memorial A"]
[Site "Barlinek"]
[Date "2006.06.03"]
[Round "1.1"]
[White "Vogel, Jaap"]
[Black "Shishkin, Vadim"]
[Result "0-1"]
[WhiteElo "2256"]
[BlackElo "2541"]
[PlyCount "106"]
[EventDate "2006.06.??"]

1. Nf3 Nf6 2. g3 g6 3. Bg2 Bg7 4. O-O d5 5. d4 O-O 6. c4 dxc4 7. Na3 Na6 8.
Nxc4 c5 9. b3 Bf5 10. Bb2 b6 11. Rc1 Be4 12. dxc5 Nxc5 13. Qxd8 Rfxd8 14. Rfd1
Nd5 15. Bxg7 Kxg7 16. Nd4 Bxg2 17. Kxg2 Nb4 18. Nb5 Nxa2 19. Rxd8 Rxd8 20. Ra1
a6 21. Rxa2 axb5 22. Nxb6 Rb8 23. Nd5 e6 24. b4 Ne4 25. Nf4 Rd8 26. Ra7 Kf6 27.
Rb7 g5 28. Nd3 Nc3 29. Nc5 Rd4 30. Nd7+ Kf5 31. f3 Rd2 32. Kf1 Rxe2 33. Rxb5+
Nxb5 34. Kxe2 Nd4+ 35. Kf2 h5 36. Kg2 e5 37. Nc5 g4 38. fxg4+ hxg4 39. h3 gxh3+
40. Kxh3 e4 41. Kg2 Ke5 42. Nd7+ Ke6 43. Nc5+ Kd5 44. g4 e3 45. Kg3 Kc4 46. g5
Kxb4 47. Nd3+ Kc3 48. Ne1 Kd2 49. Ng2 e2 50. Kf4 Nc2 51. Ke4 Ne3 52. Nh4 Kd1
53. Nf3 Ng4 0-1

[Event "Lasker Memorial A"]
[Site "Barlinek"]
[Date "2006.06.03"]
[Round "1.3"]
[White "Jaworski, Maciej"]
[Black "Kalinitschew, Sergey"]
[Result "1-0"]
[WhiteElo "2203"]
[BlackElo "2516"]
[PlyCount "97"]
[EventDate "2006.06.??"]

1. d4 e6 2. c4 b6 3. e4 Bb7 4. Bd3 f5 5. exf5 Bb4+ 6. Kf1 Nf6 7. a3 Bd6 8. Nc3
O-O 9. Nf3 exf5 10. Bxf5 Qe8 11. Be3 Qh5 12. Ng5 h6 13. Bh7+ Kh8 14. Qxh5 Nxh5
15. Be4 Nc6 16. Bg6 Nf4 17. Nf7+ Kg8 18. Nxd6 cxd6 19. Be4 Ba6 20. b3 Rae8 21.
g3 d5 22. Bf3 Nd3 23. Bxd5+ Kh8 24. Be4 Nxf2 25. Bxf2 Nxd4 26. Kg2 Nxb3 27.
Rad1 Bxc4 28. Rxd7 Be6 29. Rxa7 Bh3+ 30. Kxh3 Rxf2 31. Rd1 Rf6 32. Rad7 Rff8
33. Bg6 Rc8 34. Ne4 Ra8 35. R1d3 Nc1 36. Rc3 Ne2 37. Rcc7 Rxa3 38. Rxg7 Nf4+
39. Kg4 h5+ 40. Bxh5 Ne6 41. Rh7+ Kg8 42. Rb7 Ra4 43. Bg6 Rf6 44. Bf5 b5 45. h4
Rd4 46. Rhe7 Kf8 47. Rxe6 Rxe6 48. Bxe6 Rxe4+ 49. Kf5 1-0

[Event "Lasker Memorial A"]
[Site "Barlinek"]
[Date "2006.06.03"]
[Round "1.4"]
[White "Zezulkin, Jurij"]
[Black "Khamitskiy, Sergei"]
[Result "1-0"]
[WhiteElo "2479"]
[BlackElo "2201"]
[PlyCount "151"]
[EventDate "2006.06.??"]

1. e4 e6 2. d4 d5 3. Nc3 Bb4 4. e5 c5 5. a3 Bxc3+ 6. bxc3 Qc7 7. Qg4 f5 8. Qg3
Ne7 9. Qxg7 Rg8 10. Qxh7 cxd4 11. Qh5+ Kd8 12. Kd1 Bd7 13. Bd3 Qxc3 14. Rb1 Ba4
15. Qe2 Nbc6 16. Nf3 Rxg2 17. Ne1 Rg8 18. h4 Kc7 19. h5 Rg4 20. f3 Rg3 21. Bf4
Rg7 22. h6 Rh7 23. Rg1 Qxa3 24. Qh2 Qa2 25. Rc1 Nb4 26. Bd2 Qa3 27. Ke2 Na2 28.
Ra1 Qb2 29. Ng2 Bb5 30. Rxa2 Bxd3+ 31. cxd3 Qxa2 32. Nf4 Qa6 33. Qh4 Rg8 34.
Rxg8 Nxg8 35. Qg5 Rxh6 36. Qg7+ Kb6 37. Qxg8 Rh2+ 38. Ng2 Kb5 39. Kf2 Qa2 40.
Qe8+ Ka6 41. Qxe6+ b6 42. Qc8+ Kb5 43. Qd7+ Ka6 44. Qc8+ Kb5 45. Qc1 Qb3 46.
Kg3 Rh7 47. Nf4 a5 48. e6 a4 49. Qc8 Rg7+ 50. Kf2 Qd1 51. Be1 a3 52. Qe8+ Ka6
53. Qc8+ Kb5 54. Qe8+ Ka6 55. Qf8 Qc2+ 56. Kf1 a2 57. Qxg7 a1=Q 58. e7 Qaa4 59.
Qg8 Qcc6 60. Ne6 Qab5 61. Nc7+ Qxc7 62. Qa8+ Qa7 63. e8=Q Qxd3+ 64. Kg2 Qxa8
65. Qxa8+ Kb5 66. Qxd5+ Ka4 67. Qa2+ Kb5 68. Qd5+ Ka4 69. Bf2 b5 70. Qxd4+ Qxd4
71. Bxd4 Kb4 72. Kg3 Kc4 73. Be5 Kd3 74. f4 b4 75. Kh4 b3 76. Kh5 1-0

[Event "Lasker Memorial A"]
[Site "Barlinek"]
[Date "2006.06.03"]
[Round "1.5"]
[White "Szwed, Jacek"]
[Black "Grabarczyk, Miroslaw"]
[Result "0-1"]
[WhiteElo "2192"]
[BlackElo "2469"]
[PlyCount "126"]
[EventDate "2006.06.??"]

1. d4 d5 2. c4 dxc4 3. Nf3 Nf6 4. e3 a6 5. Bxc4 b5 6. Bd3 Bb7 7. O-O Nbd7 8.
Qe2 c5 9. a4 c4 10. Bc2 e6 11. b3 cxb3 12. Bxb3 b4 13. a5 Be7 14. Nbd2 O-O 15.
e4 Qc7 16. Bb2 Bc6 17. Bc2 Qb7 18. Bd3 Rfb8 19. Rfc1 Bb5 20. Ne5 Bxd3 21. Qxd3
Nxe5 22. dxe5 Rd8 23. Qe2 Nd7 24. Nb3 Rac8 25. Bd4 Bg5 26. Rxc8 Rxc8 27. g3 h6
28. Rd1 Be7 29. Qd3 Rc6 30. Rc1 Bd8 31. Rd1 Be7 32. Rc1 Qc8 33. Rxc6 Qxc6 34.
f4 Kf8 35. Kg2 Ke8 36. Kf3 Bd8 37. Kg4 g6 38. Kf3 Be7 39. Kg4 h5+ 40. Kh3 g5
41. fxg5 Bxg5 42. Qe2 Be7 43. Kg2 h4 44. gxh4 Bxh4 45. Kh3 Bd8 46. Qg4 Nf8 47.
Bc5 Be7 48. Bxe7 Kxe7 49. Qg5+ Ke8 50. Qe3 Ng6 51. Qa7 Qc3+ 52. Kg2 Nf4+ 53.
Kf2 Nd3+ 54. Kg2 Kf8 55. Qd4 Qc2+ 56. Kg3 Kg7 57. Na1 Qe2 58. Nb3 Qc2 59. Na1
Qd2 60. Nb3 Qf4+ 61. Kg2 Qg4+ 62. Kh1 Qf3+ 63. Kg1 Nf4 0-1

[Event "Lasker Memorial A"]
[Site "Barlinek"]
[Date "2006.06.03"]
[Round "1.6"]
[White "Koziak, Vitali"]
[Black "Swiercz, Dariusz"]
[Result "1/2-1/2"]
[WhiteElo "2462"]
[BlackElo "2185"]
[PlyCount "91"]
[EventDate "2006.06.??"]

1. d4 f5 2. Bg5 Nf6 3. Bxf6 exf6 4. d5 Bc5 5. e3 O-O 6. Ne2 Qe7 7. Nbc3 d6 8.
g3 Nd7 9. Bg2 Ne5 10. O-O Bd7 11. Rb1 a5 12. Nd4 Rae8 13. Nce2 Bxd4 14. exd4
Ng6 15. Re1 Qf7 16. Qd2 b6 17. c4 Re7 18. f4 Rfe8 19. Nc3 Rxe1+ 20. Rxe1 Rxe1+
21. Qxe1 Qe7 22. Qxe7 Nxe7 23. Kf2 Kf7 24. a3 Nc8 25. b4 axb4 26. axb4 Na7 27.
Ke3 Ke7 28. Bf1 Be8 29. c5 Bd7 30. Bd3 g6 31. Ba6 Bc8 32. Bxc8 Nxc8 33. Kd3 Kd7
34. Kc4 Na7 35. h3 h6 36. Kd3 Nc8 37. Nd1 Ne7 38. Kc4 Kc8 39. Ne3 Kb7 40. Kb5
h5 41. cxd6 cxd6 42. h4 Nc8 43. Nd1 Na7+ 44. Kc4 b5+ 45. Kd3 Nc8 46. Ne3
1/2-1/2

[Event "Lasker Memorial A"]
[Site "Barlinek"]
[Date "2006.06.03"]
[Round "1.7"]
[White "Lubienski, Tadeusz"]
[Black "Urban, Klaudiusz"]
[Result "0-1"]
[WhiteElo "2166"]
[BlackElo "2457"]
[PlyCount "120"]
[EventDate "2006.06.??"]

1. d4 Nf6 2. c4 d6 3. Nc3 Nbd7 4. e4 e5 5. d5 c6 6. Be3 a6 7. a4 a5 8. Bd3 Be7
9. f3 Nh5 10. Qd2 Nc5 11. Bc2 Qb6 12. Rb1 Qb4 13. b3 Nf4 14. Bxf4 exf4 15. Nce2
Qxd2+ 16. Kxd2 g5 17. h4 f6 18. Nd4 Bd7 19. Re1 O-O-O 20. Nf5 Bf8 21. Ne2 Be8
22. Ned4 Kd7 23. hxg5 fxg5 24. e5 dxe5 25. Rxe5 Kc7 26. d6+ Bxd6 27. Nxd6 Rxd6
28. Rxc5 Rxd4+ 29. Kc3 Rd7 30. Rxg5 h5 31. Rh4 Rf8 32. Bf5 Re7 33. Be4 b6 34.
Rh1 Rf6 35. Rd1 Rd6 36. Rxd6 Kxd6 37. Kd4 c5+ 38. Kc3 Re5 39. Rg8 Ke7 40. Rg7+
Kf6 41. Rb7 Re6 42. Kd2 Bg6 43. Bd5 Rd6 44. Kc3 Kg5 45. Re7 Kh4 46. Re2 Kg3 47.
Be4 Re6 48. Kd3 Rd6+ 49. Kc3 Re6 50. Kd2 h4 51. Bxg6 Rxg6 52. Ke1 Rd6 53. Re4
Rd3 54. Kf1 Rxb3 55. Re6 Rb1+ 56. Ke2 Rb2+ 57. Kf1 Rf2+ 58. Ke1 Rxg2 59. Rxb6
h3 60. Rg6+ Kxf3 0-1

[Event "Lasker Memorial A"]
[Site "Barlinek"]
[Date "2006.06.03"]
[Round "1.8"]
[White "Szoen, Dariusz"]
[Black "Kielbratowski, Aleksander"]
[Result "1-0"]
[WhiteElo "2440"]
[BlackElo "2153"]
[PlyCount "69"]
[EventDate "2006.06.??"]

1. e4 e5 2. Nf3 f5 3. d4 fxe4 4. Nxe5 Nf6 5. Nc3 d6 6. Nc4 d5 7. Ne5 Be7 8. Be2
O-O 9. O-O Bf5 10. f4 c6 11. Be3 Bd6 12. h3 Qe8 13. g4 Bc8 14. Qe1 b6 15. Qh4
Be7 16. Qg3 Bb7 17. Rad1 Na6 18. g5 Nd7 19. Nxc6 Bd6 20. Ne5 Nc7 21. Nb5 Bxe5
22. dxe5 Nxb5 23. Bxb5 Qe7 24. Bd4 Nc5 25. f5 e3 26. Qxe3 Ne4 27. e6 Nxg5 28.
Rd2 Ne4 29. Rg2 Nf6 30. Rf3 Kh8 31. Rfg3 Rg8 32. Qg5 Raf8 33. Rg4 g6 34. Qh6
Rg7 35. Rxg6 1-0

[Event "Lasker Memorial A"]
[Site "Barlinek"]
[Date "2006.06.03"]
[Round "1.9"]
[White "Tokarski, Lukasz"]
[Black "Lagowski, Patryk"]
[Result "0-1"]
[WhiteElo "2152"]
[BlackElo "2392"]
[PlyCount "122"]
[EventDate "2006.06.??"]

1. e4 c5 2. Nf3 d6 3. d4 cxd4 4. Nxd4 Nf6 5. Nc3 a6 6. Bc4 e6 7. a3 Be7 8. O-O
O-O 9. Ba2 Qc7 10. Be3 Bd7 11. f4 Nc6 12. f5 Nxd4 13. Bxd4 e5 14. Be3 Bc6 15.
Qf3 b5 16. Rad1 a5 17. Rf2 b4 18. axb4 axb4 19. Nd5 Bxd5 20. Bxd5 Nxd5 21. Rxd5
Ra1+ 22. Rd1 Rfa8 23. h3 Qc4 24. Rxa1 Rxa1+ 25. Kh2 Rb1 26. Qg4 h5 27. Qxh5
Qxe4 28. Re2 Rf1 29. Qg4 Qxg4 30. hxg4 Rb1 31. b3 d5 32. Bf4 f6 33. Bg3 Bc5 34.
Bf2 Bd6 35. g3 Kf7 36. Rd2 d4 37. Kg2 Bc5 38. Kf3 Ke7 39. Ke4 Kd6 40. Rd3 Kc6
41. Rd2 Rf1 42. g5 Bb6 43. gxf6 gxf6 44. g4 Bc7 45. Re2 Rh1 46. g5 fxg5 47. Bg3
Rh3 48. Rg2 Bd8 49. f6 Bxf6 50. Kf5 Bh8 51. Bxe5 Bxe5 52. Kxe5 d3 53. Kd4 dxc2
54. Rxc2+ Kd6 55. Kc4 Rh4+ 56. Kb5 Rd4 57. Re2 g4 58. Re3 Kd5 59. Re8 Re4 60.
Rf8 Ke5 61. Kc5 g3 0-1

[Event "Lasker Memorial A"]
[Site "Barlinek"]
[Date "2006.06.03"]
[Round "1.10"]
[White "Bulski, Krzysztof"]
[Black "Czaja, Roman"]
[Result "0-1"]
[WhiteElo "2389"]
[BlackElo "2144"]
[PlyCount "78"]
[EventDate "2006.06.??"]

1. e4 e6 2. d3 d5 3. Qe2 b6 4. exd5 Qxd5 5. Nc3 Qc6 6. Nf3 Bd6 7. g3 Nd7 8. Bg2
Rb8 9. Nh4 Qc5 10. Ne4 Qa5+ 11. Bd2 Bb4 12. c3 Be7 13. b4 Qa4 14. Nf3 Ngf6 15.
Nd4 Bb7 16. Nxf6+ Bxf6 17. Bxb7 Rxb7 18. Qe4 Rb8 19. Nc6 Rc8 20. d4 O-O 21. O-O
Nb8 22. Ne5 c5 23. Ng4 Nd7 24. dxc5 bxc5 25. Rad1 Be7 26. Qf3 f5 27. Ne3 Ne5
28. Qb7 Bf6 29. f4 Nf7 30. bxc5 Rxc5 31. Qb4 Qc6 32. Rc1 Rc8 33. Nd1 Nd6 34.
Be3 Rc4 35. Qa5 Ra4 36. Qc5 Qxc5 37. Bxc5 Rxc5 38. Rf3 Ne4 39. Rd3 Rd5 0-1

[Event "Lasker Memorial A"]
[Site "Barlinek"]
[Date "2006.06.03"]
[Round "1.12"]
[White "Tomczak, Jacek"]
[Black "Chlost, Marlena"]
[Result "1-0"]
[WhiteElo "2369"]
[BlackElo "2122"]
[PlyCount "43"]
[EventDate "2006.06.??"]

1. e4 c5 2. Nf3 d6 3. d4 cxd4 4. Nxd4 Nf6 5. Nc3 a6 6. Bc4 e6 7. Bb3 b5 8. O-O
Be7 9. Qf3 O-O 10. e5 dxe5 11. Nxe6 Bxe6 12. Qxa8 Bd7 13. Be3 Bc6 14. Qa7 Qc8
15. Qxe7 Bxg2 16. f3 Nc6 17. Qc5 Qh3 18. Bd5 e4 19. Nxe4 Nxd5 20. Qxd5 Bxf3 21.
Nf6+ gxf6 22. Qxf3 1-0

[Event "Lasker Memorial A"]
[Site "Barlinek"]
[Date "2006.06.03"]
[Round "1.13"]
[White "Gorecka, Joanna"]
[Black "Czerwonski, Aleksander"]
[Result "0-1"]
[WhiteElo "2082"]
[BlackElo "2358"]
[PlyCount "64"]
[EventDate "2006.06.??"]

1. e4 d6 2. d4 Nf6 3. Nc3 g6 4. h3 Bg7 5. Nf3 O-O 6. Be3 a6 7. a4 b6 8. Bd3 Bb7
9. O-O Nbd7 10. Qd2 c6 11. Rae1 e5 12. Bh6 b5 13. dxe5 dxe5 14. Nh2 Nc5 15. Be3
Qe7 16. axb5 cxb5 17. Bg5 Qe6 18. Qe3 Rfc8 19. f4 exf4 20. Qxf4 Nh5 21. Qf2 b4
22. Nd1 Nxe4 23. Bxe4 Bxe4 24. g4 Qd5 25. Rxe4 Qxe4 26. gxh5 f6 27. Bd2 Rxc2
28. Qf3 Qxf3 29. Nxf3 a5 30. h6 Bf8 31. Be3 Re8 32. Nd4 Rxb2 0-1

[Event "Lasker Memorial A"]
[Site "Barlinek"]
[Date "2006.06.03"]
[Round "1.14"]
[White "Aliavdin, Nikolai"]
[Black "Kolomytchenko, Igor"]
[Result "1/2-1/2"]
[WhiteElo "2355"]
[BlackElo "2079"]
[PlyCount "136"]
[EventDate "2006.06.??"]

1. e4 c6 2. d4 d5 3. e5 Bf5 4. Nf3 e6 5. Be2 Nd7 6. O-O Ne7 7. b3 c5 8. Bb2 Nc6
9. c4 dxc4 10. Bxc4 Nb6 11. Bb5 Bg4 12. h3 Bxf3 13. Qxf3 Qd5 14. Qxd5 Nxd5 15.
dxc5 Bxc5 16. Rc1 Bb4 17. a3 Ba5 18. b4 Bb6 19. Nd2 Rc8 20. Ne4 O-O 21. Nd6 Rc7
22. Rc4 Rb8 23. Bxc6 Rxc6 24. Rac1 Rxc4 25. Rxc4 g6 26. Kf1 Bd8 27. Bd4 b6 28.
g3 Kf8 29. Ke2 Be7 30. Nb5 a5 31. bxa5 bxa5 32. a4 Bb4 33. Rc6 Kg7 34. f4 h5
35. Kf3 Rd8 36. Ke4 Be1 37. g4 hxg4 38. hxg4 Bb4 39. Nd6 Rh8 40. Rc8 Rxc8 41.
Nxc8 Bc3 42. f5 gxf5+ 43. gxf5 Bb4 44. Na7 Nc3+ 45. Bxc3 Bxc3 46. f6+ Kg6 47.
Nc6 Kg5 48. Ne7 Bb2 49. Nc8 Bc3 50. Nd6 Kg6 51. Nc4 Be1 52. Nb2 Bc3 53. Nd3 Kg5
54. Nf4 Bb4 55. Nh3+ Kg4 56. Nf2+ Kg5 57. Nd3 Bc3 58. Nc5 Bb4 59. Kd4 Kf5 60.
Ne4 Kg6 61. Nd6 Ba3 62. Kc4 Bb2 63. Kb5 Bxe5 64. Nc4 Bc3 65. Nxa5 Kxf6 66. Nc6
e5 67. Kc4 Be1 68. Kd5 Bc3 1/2-1/2

[Event "Lasker Memorial A"]
[Site "Barlinek"]
[Date "2006.06.03"]
[Round "1.15"]
[White "Kopinski, Tomasz"]
[Black "Orzech, Dominik"]
[Result "0-1"]
[WhiteElo "2069"]
[BlackElo "2346"]
[PlyCount "70"]
[EventDate "2006.06.??"]

1. c4 Nf6 2. Nc3 c6 3. e4 d5 4. cxd5 cxd5 5. e5 Ne4 6. Nxe4 dxe4 7. Qa4+ Nc6 8.
Bb5 Qd5 9. Bxc6+ Qxc6 10. Qxc6+ bxc6 11. f3 Bf5 12. Ne2 exf3 13. gxf3 Bd3 14.
b3 e6 15. Bb2 Be7 16. h4 a5 17. Nf4 Bb5 18. a4 Ba6 19. Rc1 Kd7 20. Bc3 Rhb8 21.
Bxa5 Rxb3 22. Bc3 Ra3 23. a5 Ra4 24. Ng2 Bc5 25. h5 Rb8 26. Rh4 Ra2 27. Rg4 g6
28. hxg6 hxg6 29. Rh4 g5 30. Rh7 Ke7 31. Rh5 Bd3 32. f4 g4 33. Rh6 g3 34. Rh3
Bf2+ 35. Kd1 Be4 0-1

[Event "Lasker Memorial A"]
[Site "Barlinek"]
[Date "2006.06.03"]
[Round "1.16"]
[White "Gumula, Daniel"]
[Black "Kukla, Maciej"]
[Result "1-0"]
[WhiteElo "2341"]
[BlackElo "2026"]
[PlyCount "53"]
[EventDate "2006.06.??"]

1. e4 c5 2. Nf3 e6 3. c3 Nc6 4. d4 d5 5. e5 Qb6 6. a3 Bd7 7. b4 cxd4 8. cxd4
Nge7 9. Nc3 Rc8 10. Na4 Qc7 11. Bb2 Na5 12. bxa5 Qxa5+ 13. Nc3 b5 14. Qd2 Nf5
15. Bd3 g6 16. Bxf5 gxf5 17. O-O h5 18. Nxd5 Qxd2 19. Nf6+ Ke7 20. Nxd2 Rc2 21.
Rac1 Rxb2 22. Rc7 Bh6 23. Rxd7+ Kf8 24. Nf3 Kg7 25. d5 exd5 26. Nxd5 Re8 27.
Rxa7 1-0

[Event "Lasker Memorial A"]
[Site "Barlinek"]
[Date "2006.06.03"]
[Round "1.19"]
[White "Krajewicz, Pawel"]
[Black "Strzemiecki, Zbigniew"]
[Result "1-0"]
[WhiteElo "1999"]
[BlackElo "2332"]
[PlyCount "77"]
[EventDate "2006.06.??"]

1. d4 Nf6 2. c4 d6 3. Nf3 Nbd7 4. g3 c6 5. Bg2 e5 6. O-O Be7 7. Nc3 O-O 8. Qc2
a6 9. Rd1 Qc7 10. b3 b6 11. Ba3 Re8 12. dxe5 dxe5 13. Bxe7 Rxe7 14. Nh4 g6 15.
Qd2 Bb7 16. Qg5 Rae8 17. Nf5 Re6 18. Bh3 c5 19. Nh6+ Kg7 20. Bxe6 fxe6 21. Ng4
Qc6 22. f3 Nxg4 23. Qxg4 Nf6 24. Qg5 e4 25. fxe4 Qc7 26. Rf1 Nd7 27. Rad1 Bc6
28. Qf4 Ne5 29. e3 b5 30. Ne2 bxc4 31. bxc4 Ba4 32. Rd2 Qb8 33. Qf6+ Kg8 34.
Nf4 Ng4 35. Qg5 Nxe3 36. Nxg6 hxg6 37. Qxg6+ Kh8 38. Qh6+ Kg8 39. Qxe3 1-0

[Event "Lasker Memorial A"]
[Site "Barlinek"]
[Date "2006.06.03"]
[Round "1.20"]
[White "Bylino, Oleg"]
[Black "Goluch, Piotr"]
[Result "1/2-1/2"]
[WhiteElo "2316"]
[BlackElo "1966"]
[PlyCount "45"]
[EventDate "2006.06.??"]

1. Nf3 Nf6 2. c4 g6 3. Nc3 Bg7 4. d4 O-O 5. g3 d6 6. Bg2 c5 7. O-O Nc6 8. d5
Na5 9. Nd2 a6 10. Qc2 Nd7 11. b3 b5 12. cxb5 axb5 13. Bb2 Rb8 14. Rad1 Ba6 15.
Nce4 Bxb2 16. Qxb2 b4 17. Rfe1 Nb6 18. Nf3 c4 19. bxc4 Nbxc4 20. Qc1 Qb6 21.
Qh6 f6 22. Bh3 Bc8 23. Bxc8 1/2-1/2

[Event "Lasker Memorial A"]
[Site "Barlinek"]
[Date "2006.06.03"]
[Round "1.21"]
[White "Siwiec, Arkadiusz"]
[Black "Szczepinski, Michal"]
[Result "1/2-1/2"]
[WhiteElo "1957"]
[BlackElo "2302"]
[PlyCount "79"]
[EventDate "2006.06.??"]

1. e4 e5 2. Nf3 Nc6 3. Bb5 a6 4. Ba4 Nf6 5. O-O b5 6. Bb3 Bc5 7. Re1 d6 8. c3
O-O 9. d4 Bb6 10. h3 h6 11. a4 Rb8 12. Na3 exd4 13. cxd4 Na5 14. axb5 axb5 15.
Ba2 b4 16. Nc4 Nxc4 17. Bxc4 Nxe4 18. Rxe4 d5 19. Ne5 Qd6 20. Nxf7 Rxf7 21.
Re8+ Rf8 22. Rxf8+ Qxf8 23. Bxd5+ Kh8 24. Be3 Bf5 25. Qf3 Rd8 26. g4 Qd6 27.
Qxf5 Qxd5 28. Qxd5 Rxd5 29. Ra4 Bxd4 30. Rxb4 Bxe3 31. fxe3 Rd2 32. h4 Kg8 33.
h5 Re2 34. Rb3 Kf7 35. Kf1 Rc2 36. Rb4 Kf6 37. Rb5 g6 38. hxg6 Kxg6 39. b3 c6
40. Re5 1/2-1/2

[Event "Lasker Memorial A"]
[Site "Barlinek"]
[Date "2006.06.03"]
[Round "1.22"]
[White "Warszawski, Bartosz"]
[Black "Klim, Kamil"]
[Result "1-0"]
[WhiteElo "2299"]
[BlackElo "1940"]
[PlyCount "76"]
[EventDate "2006.06.??"]

1. e4 c5 2. Nf3 d6 3. d4 cxd4 4. Nxd4 Nf6 5. Nc3 a6 6. Be2 e6 7. O-O Be7 8. a4
b6 9. f4 O-O 10. Be3 Qc7 11. Qe1 Bb7 12. Bf3 Nbd7 13. Qg3 g6 14. Rae1 Kh8 15.
Qh3 e5 16. Nde2 Nc5 17. f5 Bxe4 18. b4 Bxf3 19. bxc5 Bg4 20. Qh4 Bxe2 21. Rxe2
dxc5 22. Bg5 Kg7 23. Bxf6+ Bxf6 24. Qxf6+ Kxf6 25. Nd5+ Kg5 26. Nxc7 Ra7 27.
Nd5 gxf5 28. Rb1 Re8 29. g3 Rg8 30. Rf2 h5 31. Rbf1 f4 32. gxf4+ Kf5+ 33. Kh1
e4 34. Rb1 Ke6 35. Ne3 f5 36. Rd2 Rgg7 37. Rbd1 Rgd7 38. Rd5 Rab7 1-0

[Event "Lasker Memorial A"]
[Site "Barlinek"]
[Date "2006.06.03"]
[Round "1.23"]
[White "Puczylowski, Marcin"]
[Black "Rutkowski, Maciej"]
[Result "0-1"]
[WhiteElo "1912"]
[BlackElo "2298"]
[PlyCount "80"]
[EventDate "2006.06.??"]

1. e4 c5 2. Nf3 d6 3. d4 cxd4 4. Nxd4 Nf6 5. Nc3 g6 6. Be3 Bg7 7. f3 O-O 8. Qd2
Nc6 9. O-O-O d5 10. exd5 Nxd5 11. Nxd5 Qxd5 12. Nb3 Qe5 13. c3 Bf5 14. Bf4 Nb4
15. Re1 Nxa2+ 16. Kd1 Qf6 17. Nd4 Rad8 18. Be5 Qb6 19. Bxg7 Kxg7 20. Nxf5+ gxf5
21. Bd3 Rxd3 22. Qxd3 Rd8 23. Qxd8 Qxd8+ 24. Kc2 b5 25. Ra1 Qa5 26. Kb1 Nxc3+
27. bxc3 Qxc3 28. Rxa7 Qd3+ 29. Ka2 Qc2+ 30. Ka1 Qxg2 31. Re1 e6 32. Rd1 Qxf3
33. Rdd7 Qh1+ 34. Kb2 Qxh2+ 35. Kb3 Qh5 36. Kb4 f4 37. Ra2 f3 38. Rdd2 e5 39.
Rh2 Qg4+ 40. Kxb5 e4 0-1

[Event "Lasker Memorial A"]
[Site "Barlinek"]
[Date "2006.06.04"]
[Round "1.24"]
[White "Korneevets, Alexander"]
[Black "Dragun, Kamil"]
[Result "1-0"]
[WhiteElo "2293"]
[BlackElo "1893"]
[PlyCount "63"]
[EventDate "2006.06.??"]

1. Nf3 Nf6 2. c4 g6 3. d4 c5 4. g3 Bg7 5. Bg2 O-O 6. O-O cxd4 7. Nxd4 Nc6 8.
Nc3 Nxd4 9. Qxd4 d6 10. Rd1 Be6 11. Bxb7 Rb8 12. Bf3 Nd5 13. Qxa7 Nxc3 14. bxc3
Bxc3 15. Bg5 Bxa1 16. Bxe7 Qb6 17. Qxb6 Rxb6 18. Bxf8 Kxf8 19. Rxa1 Bxc4 20. a4
Ra6 21. a5 d5 22. e4 d4 23. Bg2 Ke7 24. Bf1 d3 25. f3 Rd6 26. Kf2 d2 27. Be2
Bb3 28. a6 Rd8 29. Ke3 Bc4 30. a7 Bxe2 31. Kxe2 Ke6 32. Kd1 1-0

[Event "Lasker Memorial A"]
[Site "Barlinek"]
[Date "2006.06.03"]
[Round "1.25"]
[White "Baumann, Dariusz"]
[Black "Bronowicki, Mateusz"]
[Result "0-1"]
[WhiteElo "1892"]
[BlackElo "2278"]
[PlyCount "64"]
[EventDate "2006.06.??"]

1. d4 e6 2. e4 d5 3. Nd2 Nf6 4. e5 Nfd7 5. f4 c5 6. c3 Nc6 7. Ndf3 cxd4 8. cxd4
f5 9. Bd3 Be7 10. Ne2 O-O 11. O-O Nb6 12. b3 a5 13. a4 Bd7 14. Kh1 Rc8 15. Rg1
Nb4 16. Bb1 Be8 17. g4 Rc6 18. Ng3 fxg4 19. Ne1 h5 20. Be3 g6 21. h3 Rc3 22.
Bd2 Qc7 23. hxg4 h4 24. Ne2 Rc6 25. f5 Nd7 26. fxg6 Nxe5 27. Nf4 Bg5 28. Nh3
Bxd2 29. Qxd2 Nxg6 30. Qg5 Rc3 31. Nd3 Nxd3 32. Bxd3 Rxd3 0-1

[Event "Lasker Memorial A"]
[Site "Barlinek"]
[Date "2006.06.03"]
[Round "1.26"]
[White "Szymczak, Zbigniew"]
[Black "Kowalska, Sara"]
[Result "1-0"]
[WhiteElo "2276"]
[BlackElo "1833"]
[PlyCount "95"]
[EventDate "2006.06.??"]

1. e4 e5 2. Nf3 Nc6 3. Bb5 a6 4. Ba4 Nf6 5. d3 b5 6. Bb3 Be7 7. Nbd2 d6 8. c3
Na5 9. Bc2 c5 10. Nf1 O-O 11. Ng3 g6 12. O-O Re8 13. d4 Qc7 14. h3 cxd4 15.
cxd4 Nc6 16. Be3 exd4 17. Nxd4 Ne5 18. b3 Bb7 19. Qd2 Bf8 20. Rac1 Qe7 21. Bg5
Ned7 22. Rce1 Rac8 23. Bb1 Nc5 24. Qf4 Bg7 25. Qh4 Qe5 26. Nf3 Qe6 27. Nf5
Nfxe4 28. Nxg7 Kxg7 29. b4 Nd7 30. Bh6+ Kg8 31. Bxe4 Bxe4 32. Ng5 Qxa2 33. Nxe4
Re6 34. Ng5 Rc4 35. Qg3 Re5 36. Qf3 Rc8 37. Ra1 Qd5 38. Qxd5 Rxd5 39. Rxa6 f6
40. Ne4 Re8 41. Nxd6 Rd8 42. Ne4 Kf7 43. Be3 Re5 44. f3 Re6 45. Rxe6 Kxe6 46.
Rd1 Rc8 47. Nc5+ Nxc5 48. Bxc5 1-0

[Event "Lasker Memorial A"]
[Site "Barlinek"]
[Date "2006.06.03"]
[Round "1.27"]
[White "Czaus, Piotr"]
[Black "Kachur, Alexander"]
[Result "1/2-1/2"]
[WhiteElo "1799"]
[BlackElo "2261"]
[PlyCount "92"]
[EventDate "2006.06.??"]

1. d4 Nf6 2. c4 c5 3. d5 b5 4. Nc3 b4 5. Na4 d6 6. Nf3 e6 7. Bg5 Be7 8. dxe6
Bxe6 9. e3 O-O 10. Bd3 Nbd7 11. O-O h6 12. Bh4 Qc7 13. Qc2 d5 14. Nd2 Ne5 15.
Bg3 Rac8 16. Be2 Bd6 17. Rfd1 dxc4 18. Nxc4 Nxc4 19. Bxc4 Bxg3 20. hxg3 Bxc4
21. Qxc4 Qc6 22. b3 Rc7 23. Rac1 Rfc8 24. Qf4 Qe6 25. Rc4 Nd5 26. Qf3 Nb6 27.
Re4 Qg6 28. Nb2 c4 29. bxc4 Nxc4 30. Nxc4 Rxc4 31. Rxc4 Rxc4 32. Qa8+ Kh7 33.
Qxa7 Rc2 34. Qd4 Rxa2 35. Qxb4 Qc2 36. Qb1 f5 37. Qxc2 Rxc2 38. Kf1 Kg6 39. Ke1
Kf6 40. Rd2 Rc1+ 41. Ke2 Ra1 42. f4 h5 43. Rd6+ Kf7 44. Rd1 Ra2+ 45. Rd2 Ra1
46. Rd7+ Kf6 1/2-1/2

[Event "Lasker Memorial A"]
[Site "Barlinek"]
[Date "2006.06.04"]
[Round "2.1"]
[White "Shishkin, Vadim"]
[Black "Gumula, Daniel"]
[Result "1-0"]
[WhiteElo "2541"]
[BlackElo "2341"]
[PlyCount "99"]
[EventDate "2006.06.??"]

1. d4 Nf6 2. c4 g6 3. Nc3 Bg7 4. e4 d6 5. Be2 O-O 6. Nf3 Bg4 7. Be3 Nfd7 8. Qd2
c5 9. d5 Na6 10. h3 Bxf3 11. Bxf3 Re8 12. O-O Nc7 13. Rfd1 a6 14. a4 Rb8 15.
Be2 e6 16. dxe6 Nxe6 17. Qxd6 Ne5 18. Qxd8 Rbxd8 19. Rd5 Nc6 20. Rad1 Bd4 21.
Kf1 Kg7 22. Bg4 Bxe3 23. fxe3 Nc7 24. Rd7 Rxd7 25. Rxd7 Re7 26. Rd1 Ne5 27. b3
Nxg4 28. hxg4 h6 29. Ke2 a5 30. Rd6 Na6 31. Rb6 Nb4 32. Rb5 Nc6 33. Rxc5 Re5
34. Rd5 Rg5 35. Rb5 Rxg4 36. Kf2 Rg5 37. Rxb7 Ne5 38. Nd5 Nd3+ 39. Ke2 Nc5 40.
Rb5 Nxe4 41. Rxa5 h5 42. Ra8 h4 43. Nf4 Rxg2+ 44. Kf3 h3 45. Nxh3 Rg3+ 46. Kxe4
Rxh3 47. a5 f5+ 48. Kf4 Rh4+ 49. Kg3 Re4 50. Kf2 1-0

[Event "Lasker Memorial A"]
[Site "Barlinek"]
[Date "2006.06.04"]
[Round "2.4"]
[White "Grabarczyk, Miroslaw"]
[Black "Leniart, Arkadiusz"]
[Result "1/2-1/2"]
[WhiteElo "2469"]
[BlackElo "2333"]
[PlyCount "35"]
[EventDate "2006.06.??"]

1. d4 d5 2. c4 e6 3. Nf3 Nf6 4. g3 dxc4 5. Qa4+ Nbd7 6. Qxc4 a6 7. Bg2 b5 8.
Qc6 Rb8 9. Bf4 Nd5 10. Bg5 Be7 11. Bxe7 Qxe7 12. O-O Bb7 13. Qc2 c5 14. dxc5
Qxc5 15. Qxc5 Nxc5 16. Rc1 Rc8 17. Nc3 Ke7 18. Nxd5+ 1/2-1/2

[Event "Lasker Memorial A"]
[Site "Barlinek"]
[Date "2006.06.04"]
[Round "2.5"]
[White "Urban, Klaudiusz"]
[Black "Warszawski, Bartosz"]
[Result "1-0"]
[WhiteElo "2457"]
[BlackElo "2299"]
[PlyCount "111"]
[EventDate "2006.06.??"]

1. Nf3 e6 2. g3 d5 3. Bg2 c5 4. O-O Nc6 5. d4 Nf6 6. c4 Be7 7. dxc5 Bxc5 8. a3
O-O 9. b4 Be7 10. Bb2 b6 11. Nc3 Bb7 12. cxd5 exd5 13. Ne1 Nb8 14. Nd3 Ne4 15.
Nf4 Bf6 16. Nfxd5 Bxd5 17. Qxd5 Qxd5 18. Nxd5 Bxb2 19. Ne7+ Kh8 20. Bxe4 Bxa1
21. Rxa1 Nd7 22. Bxa8 Rxa8 23. Rc1 a5 24. Rc7 axb4 25. axb4 Nf6 26. f3 g6 27.
Kf2 Kg7 28. Rb7 Kf8 29. Nc6 Nd5 30. Ne5 Nxb4 31. Rxf7+ Kg8 32. Rb7 Nd5 33. Nd7
Ra2 34. Nxb6 Rb2 35. Rb8+ Kg7 36. Nd7 Ra2 37. Rc8 h5 38. h4 Ne7 39. Rc4 Nf5 40.
Nc5 Ra1 41. Re4 Rd1 42. Nd3 Rh1 43. Kg2 Rd1 44. Nf4 Kf7 45. Re5 Ng7 46. Rd5
Rxd5 47. Nxd5 Ke6 48. e4 Ne8 49. Kf2 Nd6 50. Nf4+ Kf7 51. Nh3 Kf6 52. Ng5 Ke5
53. Ke2 Kd4 54. Ne6+ Ke5 55. Nf4 Kf6 56. e5+ 1-0